1496 1992 1496 1050 1289 1775 1778 1900 1361 1344 1535 1536 1503 1314 1745 1127 1037 1597 1114 1087 1092 1653 1013 1321 1030 1510 1793 1481 1356 1626 1144 1343 1873 1715 1588 1391 1665 1552 1596 1051 1538 1192 1607 1627 1469 1064 1006 1795 1347 1868 1312 1616 1301 1655 1040 1522 1267 1909 1387 1837 1788 1470 1307 1674 1775 1590 1799 1064 1373 1997 1425 1992 1232 1566 1435 1476 1302 1016 1210 1263 1231 1071 1059 1129 1855 1846 1644 1972 1737 1496 1939 1394 1919 1850 1100 1113 1967 1361 1321 BCNSPRNW ULIB Ver.6.0+V

เปลี่ยนเป็นภาษาไทย

Change to English
 แสดงรายละเอียดบรรณานุกรม
  กลับหน้าหลัก

Brief Record : Get Marc (ISO 2709) : E-mail record : QR code < ปิดหน้าต่าง
LEADER : 00000nam 2200000uu 4500
001    13399109465
003     ULIB
008    110324s2553||||th 000 0 tha d
020    9789742976125
060 04 WX185^bก562ค 2550
110 1  กรมควบคุมโรค^bสำนักโรคจากการประกอบอาชีพและสิ่งแวดล้อม
245 00 คู่มือการประเมินความเสี่ยงจากการทำงานของบุคลากรในโรงพยาบาล /^cสำนักจัดการความรู้
260    นนทบุรี :^bสำนักโรคจากการประกอบอาชีพและสิ่งแวดล้อม,^c2553
300    142 หน้า:^bภาพประกอบ
650  7 การประเมินความเสี่ยง
650  7 ความเสี่ยง^xโรงพยาบาล
650  7 ชีวอนามัยในโรงพยาบาล
945    ^p0^l0^i020717
995    ทศพร
999 ^a ใช้งานได้ทุกระบบ
รายการนี้ยังไม่มีแท็ก
คุณยังไม่ได้ล็อกอิน คุณสามารถมีกิจกรรมร่วมกับเว็บไซต์ได้ แต่ต้องล็อกอินก่อน ::
  ล็อกอิน

รายการสื่อสารสนเทศ

ลำดับที่ ประเภท เลขเรียก/บาร์โค้ด สถานที่ สถานะ
- ไม่พบข้อมูล -

รายการใกล้เคียง
    หัวเรื่อง [การประเมินความเสี่ยง]

BibComment


ยังไม่เคยถูกคอมเมนท์

คอมเมนท์ทรัพยากรรายการนี้
  คอมเมนท์: คู่มือการประเมินค..


 Copyright 2026. Bcnsprnw @Library